000 00453nam a22001697a 4500
005 20251108164722.0
008 250721s1989 xx 000 0 ara d
082 1 4 _a812.962/أحم
100 1 _aشوقي، أحمد
245 1 0 _aمصرع كليوباترا /
264 1 _aالقاهرة :
_bمكتبة مصر،
_c1989.
300 _a157ص
650 1 7 _aالمسرحيات العربية
650 1 7 _aمصر
942 _2ddc
_cBK
999 _c12663
_d12663